000 00883nam a22002657a 4500
001 BR6007652
003 BR-BrBNA
005 20240130110940.0
007 ta
008 230509b bl.||||| |||| 00| 0 por d
040 _aBR-BrBNA
_bpor
_cBiblioteca Nacional de Agricultura
041 _a(Por)
072 _aA50; A00
090 _aA50
_bBR6007652
110 1 _aFundacao de Amparo a Pesquisa do Estado do Rio Grande do Sul, Porto Alegre (Brasil)
_94833
245 1 _aCadastro das instituicoes de pesquisa, pesquisadores e suas atividades no Rio Grande do Sul. 2. Agronomia e zootecnia
_bv. 1 - Instituicoes de pesquisa, pesquisadores
260 3 _aPorto Alegre, RS (Brasil):
_c1975.
300 _a179 p.
650 _aINSTITUICAO DE PESQUISA
650 _aPESQUISA
650 _aAGRICULTURA
650 _aPESQUISA PECUARIA
650 _aRIO GRANDE DO SUL
942 _cBK
_2AGRIS
999 _c12595
_d12595